| 000 | 01368nam0a22003131 4500 | ||
|---|---|---|---|
| 001 | rc\3161204 | ||
| 005 | 20120615105711.4 | ||
| 021 |
_aRU _b77-92904 |
||
| 021 |
_aRU _bРг7547-77 |
||
| 035 | _a(NLR Aleph) 007302510 | ||
| 090 |
_a5725284 _c5725284 |
||
| 100 | _a20120615d1976 |||y0rusy50 ca | ||
| 101 | 0 | _arus | |
| 102 | _aRU | ||
| 105 | _ay z ||||| | ||
| 200 | 1 | _aИспользование импортных пород мясного скота в УССР | |
| 210 |
_aКиев _cБ. и. _d[1976] |
||
| 215 |
_a12 с. _d20 |
||
| 225 | 1 |
_aУкраинский НИИ научно-технической информации и технико-экономических исследований Госплана УССР. УкрНИИНТИ. Информация _iНовое в науке, технике и производстве |
|
| 300 | _aВ вып. дан.: Лесунова Н.Г., к. с.-х. н. | ||
| 309 | _aБез тит. л. и обл. | ||
| 320 | _aБиблиогр.: с. 11-12 | ||
| 701 | 1 |
_aЛесунова _bН. Г. _gНина Георгиевна |
|
| 712 | 0 | 2 |
_aУкраинский НИИ науч.-техн. информации и техн.-экон. исследований _cКиев _3RU\NLR\AUTH\8810023920 |
| 801 | 0 |
_aRU _bNLR _gpsbo |
|
| 801 | 1 |
_aRU _bELAR _2rusmarc |
|
| 852 |
_aNLR _j77-4/16580 |
||
| 942 | _cBOOK | ||
| 980 | _aNB | ||